[Event "BRA-ch sf-B"]
[Site "Fortaleza"]
[Date "2012.11.03"]
[Round "5"]
[White "Lima, Antonio Jose Jr"]
[Black "Guara Neto, Argemiro Braga"]
[Result "0-1"]
[WhiteElo "1882"]
[BlackElo "2055"]
[PlyCount "56"]
[EventDate "2012.11.01"]
[EventType "swiss"]
[EventRounds "8"]
[EventCountry "BRA"]
[SourceTitle "EXT 2013"]
[Source "ChessBase"]
[SourceDate "2012.11.22"]
[SourceVersion "1"]
[SourceVersionDate "2012.11.22"]
[SourceQuality "1"]

1. d4 d5 2. Nf3 Nf6 3. e3 g6 4. Nbd2 Bg7 5. Bd3 0-0 6. 0-0 Nbd7 7. Re1 Re8 8. c3 b6 9. e4 dxe4 10. Nxe4 Bb7 11. Bg5 Rc8 12. Nxf6+ Nxf6 13. Ne5 c5 14. Bb5 Qd5 15. Qf3 Red8 16. Qxd5 Nxd5 17. Ng4 f6 18. Bh4 cxd4 19. c4 Nc7 20. Rxe7 Nxb5 21. cxb5 d3 22. Rxb7 d2 23. Rxg7+ Kxg7 24. Bxf6+ Kf7 25. Rd1 Rc1 26. Ne3 Kxf6 27. Kf1 Rxd1+ 28. Nxd1 Re8 0-1

[Event "BRA-ch sf-B"]
[Site "Fortaleza"]
[Date "2012.11.02"]
[Round "3"]
[White "De Brito Buarque, Hugo Leonardo"]
[Black "Lima, Antonio Jose Jr"]
[Result "0-1"]
[WhiteElo "1998"]
[BlackElo "1882"]
[PlyCount "124"]
[EventDate "2012.11.01"]
[EventType "swiss"]
[EventRounds "8"]
[EventCountry "BRA"]
[SourceTitle "EXT 2013"]
[Source "ChessBase"]
[SourceDate "2012.11.22"]
[SourceVersion "1"]
[SourceVersionDate "2012.11.22"]
[SourceQuality "1"]

1. d4 Nf6 2. c4 e6 3. Nf3 b6 4. Bg5 Bb4+ 5. Nbd2 0-0 6. e4 Be7 7. Bd3 d5 8. cxd5 exd5 9. e5 Nfd7 10. Bf4 c5 11. 0-0 Ba6 12. Bxa6 Nxa6 13. Re1 Nc7 14. Nb3 c4 15. Nc1 b5 16. Bd2 Ne6 17. Ne2 a5 18. Nf4 Nxf4 19. Bxf4 b4 20. Qe2 Ra6 21. Rec1 Rc6 22. Qe1 Re8 23. Bd2 Nf8 24. a3 Qb6 25. axb4 axb4 26. Ra4 Rb8 27. Rca1 Ne6 28. Ra6 Qc7 29. Ra7 Qd8 30. R1a4 Rcb6 31. Ra1 Ng5 32. Nxg5 Bxg5 33. f4 Be7 34. Qe3 Rc8 35. R7a4 Rbb8 36. h3 Ra8 37. Qe1 Rxa4 38. Rxa4 b3 39. Qa1 h6 40. Kh2 Qb6 41. Bc3 Qg6 42. Ra8 Qf5 43. Rxc8+ Qxc8 44. Qd1 Qb7 45. Qe1 g6 46. h4 Qd7 47. Qf2 Qg4 48. Qg3 Qxh4+ 49. Qxh4 Bxh4 50. g3 Bd8 51. Kh3 h5 52. g4 Kf8 53. f5 hxg4+ 54. Kxg4 gxf5+ 55. Kxf5 Ke7 56. Bb4+ Kd7 57. Bc3 Be7 58. Be1 Kc6 59. Kf4 Kb5 60. Ke3 Bb4 61. Bd2 Bxd2+ 62. Kxd2 Kc6 0-1

[Event "BRA-ch sf-B"]
[Site "Fortaleza"]
[Date "2012.11.01"]
[Round "2"]
[White "Lima, Antonio Jose Jr"]
[Black "Dos Santos, Roberto Melo"]
[Result "1-0"]
[WhiteElo "1882"]
[BlackElo "1944"]
[PlyCount "75"]
[EventDate "2012.11.01"]
[EventType "swiss"]
[EventRounds "8"]
[EventCountry "BRA"]
[SourceTitle "EXT 2013"]
[Source "ChessBase"]
[SourceDate "2012.11.22"]
[SourceVersion "1"]
[SourceVersionDate "2012.11.22"]
[SourceQuality "1"]

1. d4 Nf6 2. Nf3 g6 3. e3 Bg7 4. Nbd2 0-0 5. Bd3 d5 6. 0-0 Nbd7 7. c3 c5 8. Re1 e5 9. dxe5 Ng4 10. Be2 Ndxe5 11. Nxe5 Nxe5 12. Nf3 Nc6 13. Qc2 Qe7 14. Bd2 Bf5 15. Bd3 Bg4 16. Be2 Rfe8 17. Rad1 Rad8 18. h3 Bf5 19. Bd3 Be4 20. Bxe4 dxe4 21. Nh2 Rd3 22. f4 Red8 23. Ng4 Qd6 24. Re2 h5 25. Nf2 Qe6 26. Qa4 c4 27. Nxd3 exd3 28. Ree1 a6 29. Rb1 Ne7 30. e4 b5 31. Qd1 Qb6+ 32. Re3 b4 33. Qe1 f5 34. Kh2 Qc7 35. exf5 Qxf4+ 36. Kh1 Nxf5 37. Re8+ Kf7 38. Qe6# 1-0

[Event "Carvalho Memorial op"]
[Site "Juazeiro do Norte"]
[Date "2012.10.13"]
[Round "3"]
[White "Lima, Antonio Jose Jr"]
[Black "Mateus, Janete de Alcantara"]
[Result "1/2-1/2"]
[WhiteElo "1882"]
[BlackElo "1842"]
[PlyCount "95"]
[EventDate "2012.10.12"]
[EventType "swiss"]
[EventRounds "6"]
[EventCountry "BRA"]
[SourceTitle "EXT 2013"]
[Source "ChessBase"]
[SourceDate "2012.11.22"]
[SourceVersion "1"]
[SourceVersionDate "2012.11.22"]
[SourceQuality "1"]

1. d4 d5 2. Nf3 Nc6 3. e3 Nf6 4. Nbd2 e6 5. c3 Be7 6. Bd3 Qd6 7. 0-0 0-0 8. Re1 e5 9. e4 dxe4 10. Nxe4 Nxe4 11. Rxe4 Rd8 12. Nxe5 Bf5 13. Re1 Bxd3 14. Nxc6 Qxc6 15. Qxd3 Re8 16. Bf4 Rad8 17. Re3 Qb6 18. Rae1 Rd7 19. Qe2 Qf6 20. Be5 Qc6 21. Qg4 g6 22. Bf6 Kf8 23. Qg5 Qxf6 24. Qxf6 Bxf6 25. Rxe8+ Kg7 26. Kf1 c6 27. Ke2 b5 28. Rc8 Rd6 29. Kd3 a5 30. f4 h5 31. Re4 Bd8 32. b3 f5 33. Re8 Bb6 34. Re7+ Kf6 35. Rb7 c5 36. Rxb6 c4+ 37. bxc4 bxc4+ 38. Kc2 Rxb6 39. Re8 a4 40. Re5 a3 41. Re2 Rb2+ 42. Kd1 Rb1+ 43. Kd2 Rb2+ 44. Ke3 Rb1 45. h4 Rb2 46. Rd2 Ke6 47. Ke2 Kd5 48. Ke3 1/2-1/2